[Event "Werner-Ott-Open Kreuzberger Sommer 2017"]
[Site "Berlin"]
[Date "2017.07.19"]
[Round "5.1"]
[White "Malek, Daniel"]
[Black "Abel, Dennes"]
[Result "1-0"]
[WhiteElo "2326"]
[BlackElo "2442"]
[PlyCount "61"]
[EventDate "2017.07.15"]
[EventType "swiss"]
[EventRounds "9"]
[EventCountry "GER"]
[SourceTitle "WOOKS 2017"]
[Source "SC Kreuzberg"]
[SourceDate "2017.07.19"]
[SourceVersion "1"]
[SourceVersionDate "2017.07.19"]
[SourceQuality "1"]
[WhiteTeam "SK Zehlendorf"]
[BlackTeam "SF Berlin 1903"]

1. d4 d5 2. Bf4 Nf6 3. e3 c5 4. c3 cxd4 5. exd4 Nc6 6. Nd2 g6 7. Be2 Bg7 8. h3
O-O 9. Ngf3 h6 10. O-O Ne4 11. Re1 Kh7 12. Bh2 Bf5 13. Bf1 Nxd2 14. Nxd2 Bf6
15. Nb3 Rc8 16. Nc5 b6 17. Nb3 Qd7 18. a4 Qb7 19. Qe2 Rfe8 20. Qa6 Qd7 21. a5
Bc2 22. axb6 Bxb3 23. b7 Rc7 24. Bb5 Bc4 25. Bxc7 Bxb5 26. Qxb5 Qxc7 27. Ra6
Rb8 28. Rxc6 Qxb7 29. Qxd5 Kg7 30. b4 Rc8 31. b5 1-0

[Event "Werner-Ott-Open Kreuzberger Sommer 2017"]
[Site "Berlin"]
[Date "2017.07.19"]
[Round "5.2"]
[White "Stern, Rene"]
[Black "Niehaus, Frank"]
[Result "1-0"]
[WhiteElo "2427"]
[BlackElo "2121"]
[PlyCount "89"]
[EventDate "2017.07.15"]
[EventType "swiss"]
[EventRounds "9"]
[EventCountry "GER"]
[SourceTitle "WOOKS 2017"]
[Source "SC Kreuzberg"]
[SourceDate "2017.07.19"]
[SourceVersion "1"]
[SourceVersionDate "2017.07.19"]
[SourceQuality "1"]
[WhiteTeam "SK Koenig Tegel 1949"]
[BlackTeam "SK Koenig Tegel 1949"]

1. Nf3 Nf6 2. c4 g6 3. Nc3 Bg7 4. e4 d6 5. d4 O-O 6. Be2 e5 7. d5 a5 8. Bg5 Na6
9. Nd2 h6 10. Be3 c6 11. O-O Bd7 12. a3 Ne8 13. dxc6 bxc6 14. c5 Nxc5 15. Bxc5
dxc5 16. Nb3 Qe7 17. Rc1 Nc7 18. Nxc5 Rfd8 19. Nxd7 Rxd7 20. Qa4 Rb8 21. Qxc6
Rxb2 22. Bc4 Kh7 23. a4 h5 24. Nd5 Nxd5 25. Bxd5 Bh6 26. Rc3 Rb8 27. Rf3 Rf8
28. Qc3 Ra7 29. Rb1 Bg7 30. g3 Qd7 31. Rb5 Rc7 32. Qxa5 Rc1+ 33. Kg2 h4 34. h3
hxg3 35. Rxg3 Qc8 36. Rbb3 Ra1 37. Ra3 Rb1 38. Qc3 Qd7 39. Qc6 Qe7 40. Qc2 Rbb8
41. a5 Rbc8 42. Rac3 Rxc3 43. Qxc3 Bh6 44. a6 Bf4 45. Qa3 1-0

[Event "Werner-Ott-Open Kreuzberger Sommer 2017"]
[Site "Berlin"]
[Date "2017.07.19"]
[Round "5.3"]
[White "Klenburg, Michael"]
[Black "Von Herman, Ulf"]
[Result "1/2-1/2"]
[WhiteElo "2362"]
[BlackElo "2313"]
[PlyCount "24"]
[EventDate "2017.07.15"]
[EventType "swiss"]
[EventRounds "9"]
[EventCountry "GER"]
[SourceTitle "WOOKS 2017"]
[Source "SC Kreuzberg"]
[SourceDate "2017.07.19"]
[SourceVersion "1"]
[SourceVersionDate "2017.07.19"]
[SourceQuality "1"]
[WhiteTeam "Beer Sheva CC"]
[BlackTeam "SK Koenig Tegel 1949"]

1. g3 g6 2. Bg2 Bg7 3. e4 c5 4. d3 d6 5. f4 Nc6 6. Nf3 e5 7. c3 Nge7 8. O-O O-O
9. Na3 exf4 10. Bxf4 Ne5 11. Qd2 N7c6 12. Nc4 Be6 1/2-1/2

[Event "Werner-Ott-Open Kreuzberger Sommer 2017"]
[Site "Berlin"]
[Date "2017.07.19"]
[Round "5.4"]
[White "Muse, Drazen"]
[Black "Gebigke, Martin"]
[Result "1-0"]
[WhiteElo "2278"]
[BlackElo "2078"]
[PlyCount "83"]
[EventDate "2017.07.15"]
[EventType "swiss"]
[EventRounds "9"]
[EventCountry "GER"]
[SourceTitle "WOOKS 2017"]
[Source "SC Kreuzberg"]
[SourceDate "2017.07.19"]
[SourceVersion "1"]
[SourceVersionDate "2017.07.19"]
[SourceQuality "1"]
[WhiteTeam "SK Koenig Tegel 1949"]
[BlackTeam "SC Kreuzberg"]

1. d4 Nf6 2. Nf3 e6 3. c4 b6 4. e3 Bb7 5. Bd3 d5 6. O-O Be7 7. Nc3 O-O 8. b3 c5
9. Bb2 Nbd7 10. cxd5 Nxd5 11. Nxd5 Bxd5 12. Qe2 cxd4 13. Nxd4 Nc5 14. Bc2 f5
15. Rfd1 Bd6 16. f3 Qh4 17. g3 Qh5 18. b4 Nb7 19. a3 Rad8 $138 20. f4 Qxe2 21.
Nxe2 Be7 22. Nc3 Bc4 23. e4 g6 24. Ba4 Rxd1+ 25. Rxd1 Rd8 26. Rxd8+ Nxd8 27.
Kf2 a5 28. bxa5 Bc5+ 29. Kf3 bxa5 30. e5 Kf7 31. h4 Ke7 32. Bc1 Bd4 33. Bd2 Bc5
34. Nb5 Nb7 35. Be3 Bd5+ 36. Kf2 Bc6 37. Nd6 Bxe3+ 38. Kxe3 Bd5 39. Nxb7 Bxb7
40. Kd4 Kd8 41. Kc5 Kc7 42. Kb5 1-0

[Event "Werner-Ott-Open Kreuzberger Sommer 2017"]
[Site "Berlin"]
[Date "2017.07.19"]
[Round "5.5"]
[White "Berger, Steve"]
[Black "Krefenstein, Sergej"]
[Result "1-0"]
[WhiteElo "2380"]
[BlackElo "2086"]
[PlyCount "109"]
[EventDate "2017.07.15"]
[EventType "swiss"]
[EventRounds "9"]
[EventCountry "GER"]
[SourceTitle "WOOKS 2017"]
[Source "SC Kreuzberg"]
[SourceDate "2017.07.19"]
[SourceVersion "1"]
[SourceVersionDate "2017.07.19"]
[SourceQuality "1"]
[WhiteTeam "SK Koenig Tegel 1949"]
[BlackTeam "TuS Makkabi Berlin"]

1. e4 e6 2. d4 d5 3. Nc3 Bb4 4. e5 Ne7 5. a3 Bxc3+ 6. bxc3 c5 7. Qg4 cxd4 8.
Qxg7 Rg8 9. Qxh7 Qc7 10. Ne2 Nbc6 11. f4 Bd7 12. h4 dxc3 13. h5 O-O-O 14. Qd3
d4 15. h6 Rg6 16. h7 Rh8 17. Nxd4 Nxd4 18. Qxd4 Bc6 19. Rh2 Rg7 20. Qxc3 Rhxh7
21. Rxh7 Rxh7 22. Bb2 Rg7 23. Qd2 Nd5 24. c4 Ne7 25. O-O-O Nf5 26. Qf2 b6 27.
Kb1 Ng3 28. Bd3 Ne4 29. Qe1 Nc5 30. g3 Nxd3 31. Rxd3 Qb7 32. Ka2 Be4 33. Rd4
Bf5 34. c5 Rg8 35. cxb6 axb6 36. Qd1 Kb8 37. Rb4 Qd5+ 38. Qxd5 exd5 39. Rxb6+
Kc7 40. Rf6 Bg6 41. g4 Rg7 42. f5 Bh7 43. e6 fxe6 44. Be5+ Kb7 45. Rxe6 Rf7 46.
a4 Bxf5 47. gxf5 Rxf5 48. Ka3 Rf3+ 49. Kb4 Re3 50. a5 Re4+ 51. Kb5 d4 52. a6+
Kc8 53. a7 Kb7 54. Re7+ Ka8 55. Kb6 1-0

[Event "Werner-Ott-Open Kreuzberger Sommer 2017"]
[Site "Berlin"]
[Date "2017.07.19"]
[Round "5.6"]
[White "Wierzbicki, Jirawat"]
[Black "Melamed, Tatjana"]
[Result "1/2-1/2"]
[WhiteElo "2029"]
[BlackElo "2304"]
[PlyCount "105"]
[EventDate "2017.07.15"]
[EventType "swiss"]
[EventRounds "9"]
[EventCountry "GER"]
[SourceTitle "WOOKS 2017"]
[Source "SC Kreuzberg"]
[SourceDate "2017.07.19"]
[SourceVersion "1"]
[SourceVersionDate "2017.07.19"]
[SourceQuality "1"]
[WhiteTeam "SK Koenig Tegel 1949"]
[BlackTeam "AE Magdeburg"]

1. e4 c5 2. c3 Nf6 3. e5 Nd5 4. d4 cxd4 5. cxd4 d6 6. Nf3 Nc6 7. Bc4 dxe5 8.
Nxe5 e6 9. O-O Be7 10. Nxc6 bxc6 11. Nc3 O-O 12. Qf3 Qb6 13. Rd1 Ba6 14. Bb3
Rfd8 15. Nxd5 cxd5 16. Be3 Rac8 17. Rac1 Bf6 18. Qg4 Re8 19. h3 g6 20. Rxc8
Rxc8 21. Bg5 Bg7 22. Be7 h5 23. Qf4 Be2 24. Re1 Bc4 25. Bc5 Qa5 26. Rd1 Qb5 27.
Bxc4 Qxc4 28. b3 Qa6 29. Qd2 e5 30. b4 e4 31. Qb2 Bh6 32. Qb3 Qe2 33. Rb1 Re8
34. Qxd5 e3 35. fxe3 Bxe3+ 36. Kh1 Bf4 37. Qf3 Qe1+ 38. Qf1 Qg3 39. Qg1 Re2 40.
d5 g5 41. Rb3 Qh4 42. Rf3 Bg3 43. Re3 Bf2 44. Rxe2 Bxg1 45. Re8+ Kg7 46. Kxg1
Qc4 47. d6 Qc1+ 48. Kh2 Qf4+ 49. Kg1 Qc1+ 50. Kh2 Qf4+ 51. Kg1 Qc1+ 52. Kh2
Qf4+ 53. Kg1 1/2-1/2

[Event "Werner-Ott-Open Kreuzberger Sommer 2017"]
[Site "Berlin"]
[Date "2017.07.19"]
[Round "5.7"]
[White "Sechting, Martin"]
[Black "Barath, Madhan"]
[Result "0-1"]
[WhiteElo "1906"]
[BlackElo "2178"]
[PlyCount "38"]
[EventDate "2017.07.15"]
[EventType "swiss"]
[EventRounds "9"]
[EventCountry "GER"]
[SourceTitle "WOOKS 2017"]
[Source "SC Kreuzberg"]
[SourceDate "2017.07.19"]
[SourceVersion "1"]
[SourceVersionDate "2017.07.19"]
[SourceQuality "1"]
[WhiteTeam "SC Weisse Dame"]
[BlackTeam "SC Zugzwang 95"]

1. d4 Nf6 2. c4 g6 3. Nc3 Bg7 4. e4 d6 5. f4 c5 6. d5 O-O 7. Nf3 e6 8. dxe6
fxe6 9. Be2 Nc6 10. Be3 Ng4 11. Qd2 Nxe3 12. Qxe3 Nd4 13. O-O-O Bh6 14. g3 e5
15. Nd5 exf4 16. gxf4 Rxf4 17. Nxf4 Bxf4 18. Kd2 Nxf3+ 19. Bxf3 Qg5 0-1

[Event "Werner-Ott-Open Kreuzberger Sommer 2017"]
[Site "Berlin"]
[Date "2017.07.19"]
[Round "5.8"]
[White "Polatel, Ali"]
[Black "Weber, Erwin"]
[Result "1-0"]
[WhiteElo "2211"]
[BlackElo "1953"]
[PlyCount "81"]
[EventDate "2017.07.15"]
[EventType "swiss"]
[EventRounds "9"]
[EventCountry "GER"]
[SourceTitle "WOOKS 2017"]
[Source "SC Kreuzberg"]
[SourceDate "2017.07.19"]
[SourceVersion "1"]
[SourceVersionDate "2017.07.19"]
[SourceQuality "1"]
[WhiteTeam "SC Zugzwang 95"]
[BlackTeam "SF Berlin 1903"]

1. c4 f5 2. g3 Nf6 3. Bg2 g6 4. Nc3 Bg7 5. d3 O-O 6. e4 fxe4 7. dxe4 d6 8. Nge2
c5 9. O-O Nc6 10. Rb1 e5 11. Nd5 Be6 12. Bg5 Qd7 13. Qd2 Nd4 14. Nxd4 cxd4 15.
f4 Nxd5 16. cxd5 Bg4 17. Rbc1 Rac8 18. Rxc8 Rxc8 19. f5 gxf5 20. h3 fxe4 21.
hxg4 Qxg4 22. Rc1 Rxc1+ 23. Qxc1 e3 24. Be7 e2 25. Kh2 Qf5 26. Bxd6 Bh6 27. Qe1
d3 28. Bb4 e4 29. d6 e3 30. Qc3 Bg5 31. Qc4+ Kg7 32. Qd4+ Kh6 33. d7 d2 34.
d8=Q Bxd8 35. Qxe3+ Bg5 36. Qxe2 Qd7 37. Be4 Qd8 38. Bc2 a5 39. Qe4 Qg8 40.
Bf8+ Kh5 41. Bd1# 1-0

[Event "Werner-Ott-Open Kreuzberger Sommer 2017"]
[Site "Berlin"]
[Date "2017.07.19"]
[Round "5.9"]
[White "Silz, Elisa"]
[Black "Feil, Stephan"]
[Result "0-1"]
[WhiteElo "1919"]
[BlackElo "2053"]
[PlyCount "64"]
[EventDate "2017.07.15"]
[EventType "swiss"]
[EventRounds "9"]
[EventCountry "GER"]
[SourceTitle "WOOKS 2017"]
[Source "SC Kreuzberg"]
[SourceDate "2017.07.19"]
[SourceVersion "1"]
[SourceVersionDate "2017.07.19"]
[SourceQuality "1"]
[WhiteTeam "SV Empor Berlin"]
[BlackTeam "SK Ladenburg"]

1. d4 Nf6 2. Nf3 g6 3. c4 Bg7 4. Nc3 d6 5. e4 O-O 6. Be2 e5 7. O-O Nc6 8. d5
Ne7 9. Ne1 Nd7 10. Nd3 f5 11. Bd2 Nf6 12. f3 f4 13. c5 g5 14. cxd6 cxd6 15. Nf2
h5 16. h3 Ng6 17. Qc2 Rf7 18. Rfc1 Bf8 19. a4 Rg7 20. Ra3 g4 21. fxg4 Nh4 22.
Qd1 hxg4 23. hxg4 Nh5 24. Be1 Ng3 25. Bf3 Nxf3+ 26. Qxf3 Qh4 27. Ne2 Bxg4 28.
Qxg4 Rxg4 29. Nxg3 Rxg3 30. Nh1 Bh6 31. Nxg3 fxg3 32. Rxg3+ Qxg3 0-1

[Event "Werner-Ott-Open Kreuzberger Sommer 2017"]
[Site "Berlin"]
[Date "2017.07.19"]
[Round "5.10"]
[White "Kostanyan, Hakob"]
[Black "Boettcher, Patrick"]
[Result "0-1"]
[WhiteElo "1687"]
[BlackElo "2056"]
[PlyCount "52"]
[EventDate "2017.07.15"]
[EventType "swiss"]
[EventRounds "9"]
[EventCountry "GER"]
[SourceTitle "WOOKS 2017"]
[Source "SC Kreuzberg"]
[SourceDate "2017.07.19"]
[SourceVersion "1"]
[SourceVersionDate "2017.07.19"]
[SourceQuality "1"]
[WhiteTeam "SC Weisse Dame"]
[BlackTeam "SC Zitadelle Spandau"]

1. e4 c5 2. Nf3 e6 3. d4 cxd4 4. Nxd4 Nc6 5. Nc3 Qc7 6. Be3 a6 7. Qd2 Nf6 8. f3
h5 9. Be2 Be7 10. g4 hxg4 11. Bf4 e5 12. Nxc6 dxc6 13. Bg3 gxf3 14. Bxf3 Be6
15. O-O-O Nd7 16. h4 g6 17. Qe2 O-O-O 18. Bg4 f5 19. Bf3 f4 20. Bf2 Qa5 21. Kb1
Bb4 22. Nd5 cxd5 23. exd5 Bf5 24. Qc4+ Kb8 25. a3 Bxa3 26. bxa3 Rc8 0-1

[Event "Werner-Ott-Open Kreuzberger Sommer 2017"]
[Site "Berlin"]
[Date "2017.07.19"]
[Round "5.11"]
[White "Federau, Juergen"]
[Black "Woerz, Markus"]
[Result "1-0"]
[WhiteElo "2062"]
[BlackElo "1910"]
[PlyCount "137"]
[EventDate "2017.07.15"]
[EventType "swiss"]
[EventRounds "9"]
[EventCountry "GER"]
[SourceTitle "WOOKS 2017"]
[Source "SC Kreuzberg"]
[SourceDate "2017.07.19"]
[SourceVersion "1"]
[SourceVersionDate "2017.07.19"]
[SourceQuality "1"]
[WhiteTeam "SC Kreuzberg"]
[BlackTeam "SC Kreuzberg"]

1. d4 Nf6 2. Nf3 c5 3. e3 g6 4. c4 Bg7 5. Nc3 O-O 6. Be2 cxd4 7. Nxd4 Nc6 8.
O-O d6 9. b3 Bd7 10. Bb2 a6 11. Qd2 Rb8 12. Nf3 Bf5 13. Rfd1 b6 14. Rac1 Ne4
15. Nxe4 Bxe4 16. Bxg7 Kxg7 17. Nd4 Kg8 18. Bd3 Nxd4 19. Bxe4 Ne6 20. Bd5 Qc7
21. h4 Ng7 22. Bf3 Qc5 23. Qe2 Qe5 24. g3 Rfc8 25. Rd5 Qf6 26. Bg4 Ne6 27. Rcd1
Rc7 28. e4 Rc5 29. b4 Rc7 30. e5 dxe5 31. Rxe5 Nd8 32. Bf3 Ne6 33. Bd5 Ng7 34.
Bg2 Nf5 35. c5 bxc5 36. bxc5 Rb5 37. Rc1 Nd4 38. Qe3 Ne6 39. Rd5 Qb2 40. Bh3
Rc6 41. Bxe6 Rxe6 42. Qh6 Rb8 43. c6 Rd6 44. Rxd6 exd6 45. c7 Rc8 46. Qg5 Kg7
47. Qf4 a5 48. h5 Qe5 49. h6+ Kf8 50. Qh4 Qe7 51. Qd4 Qe5 52. Qh4 f6 53. Qc4
Ke7 54. Qc6 Qe6 55. a4 d5 56. Qc5+ Qd6 57. Qxa5 Kd7 58. Qb5+ Ke7 59. Qb7 Kd7
60. Qb5+ Ke7 61. Rc6 Qe5 62. Qc5+ Kd7 63. a5 Rxc7 64. Rxc7+ Qxc7 65. Qxd5+ Ke7
66. a6 Qc1+ 67. Kg2 Qc7 68. Qa8 Ke6 69. a7 1-0

[Event "Werner-Ott-Open Kreuzberger Sommer 2017"]
[Site "Berlin"]
[Date "2017.07.19"]
[Round "5.12"]
[White "Burchardt, Brigitte"]
[Black "Hilbig, Dieter"]
[Result "1-0"]
[WhiteElo "2137"]
[BlackElo "1894"]
[PlyCount "75"]
[EventDate "2017.07.15"]
[EventType "swiss"]
[EventRounds "9"]
[EventCountry "GER"]
[SourceTitle "WOOKS 2017"]
[Source "SC Kreuzberg"]
[SourceDate "2017.07.19"]
[SourceVersion "1"]
[SourceVersionDate "2017.07.19"]
[SourceQuality "1"]
[WhiteTeam "SC Rotation Pankow"]
[BlackTeam "ESV Gera"]

1. e4 c5 2. Nc3 Nc6 3. g3 g6 4. Bg2 Bg7 5. d3 d6 6. Be3 e5 7. Qd2 Nge7 8. Bh6
O-O 9. h4 Bxh6 10. Qxh6 f6 11. O-O-O Be6 12. Kb1 Qa5 13. Qd2 Kg7 14. Nd5 Qd8
15. f4 h6 16. Ne2 b5 17. Rdf1 Bxd5 18. exd5 Qa5 19. c3 Nb8 20. g4 Nd7 21. g5
Rab8 22. h5 hxg5 23. hxg6 Nxg6 24. fxg5 Rh8 25. gxf6+ Kf7 26. Bh3 Ndf8 27. Qg5
Qd8 28. Ng3 c4 29. Ne4 b4 30. Be6+ Nxe6 31. dxe6+ Kxe6 32. Qxg6 Rg8 33. Ng5+
Kd7 34. Qf5+ Kc6 35. cxb4 Rxb4 36. dxc4 Qb6 37. Qe4+ Kd7 38. Rh7+ 1-0

[Event "Werner-Ott-Open Kreuzberger Sommer 2017"]
[Site "Berlin"]
[Date "2017.07.19"]
[Round "5.13"]
[White "Kauschmann, Herbert"]
[Black "Roho, Kevin"]
[Result "1-0"]
[WhiteElo "2086"]
[BlackElo "1869"]
[PlyCount "71"]
[EventDate "2017.07.15"]
[EventType "swiss"]
[EventRounds "9"]
[EventCountry "GER"]
[SourceTitle "WOOKS 2017"]
[Source "SC Kreuzberg"]
[SourceDate "2017.07.19"]
[SourceVersion "1"]
[SourceVersionDate "2017.07.19"]
[SourceQuality "1"]
[WhiteTeam "BSC Rehberge 1945"]
[BlackTeam "SC Weisse Dame"]

1. e4 d5 2. exd5 Nf6 3. d4 Nxd5 4. Nf3 g6 5. Be2 Bg7 6. c4 Nb6 7. Be3 O-O 8.
Qd2 Nc6 9. Nc3 Bg4 10. b3 e5 11. d5 Ne7 12. Rd1 f5 13. Bg5 Qe8 14. Nb5 Qd7 15.
Nxc7 Qxc7 16. d6 Qd7 17. Bxe7 Rfe8 18. c5 Nc8 19. Qd5+ Kh8 20. Bg5 e4 21. Nd4
Bxe2 22. Nxe2 h6 23. Be3 a5 24. O-O Na7 25. Bd4 Nc6 26. Bxg7+ Kxg7 27. a4 Rad8
28. Nc3 Qf7 29. Qd2 Nb4 30. Qd4+ Kh7 31. Nd5 Nxd5 32. Qxd5 Kg7 33. Qd2 Qe6 34.
Qxa5 e3 35. fxe3 Qxe3+ 36. Kh1 1-0

[Event "Werner-Ott-Open Kreuzberger Sommer 2017"]
[Site "Berlin"]
[Date "2017.07.19"]
[Round "5.14"]
[White "Di Candia, Roberto"]
[Black "Kohler, Thomas"]
[Result "0-1"]
[WhiteElo "1925"]
[BlackElo "2140"]
[PlyCount "64"]
[EventDate "2017.07.15"]
[EventType "swiss"]
[EventRounds "9"]
[EventCountry "GER"]
[SourceTitle "WOOKS 2017"]
[Source "SC Kreuzberg"]
[SourceDate "2017.07.19"]
[SourceVersion "1"]
[SourceVersionDate "2017.07.19"]
[SourceQuality "1"]
[WhiteTeam "SF Berlin 1903"]
[BlackTeam "SC Zitadelle Spandau"]

1. e4 e5 2. Nf3 Nc6 3. d4 exd4 4. Bc4 Nf6 5. e5 d5 6. Bb5 Ne4 7. Nxd4 Bc5 8.
Be3 Bd7 9. Bxc6 bxc6 10. O-O Qe7 11. Re1 O-O 12. f3 Ng5 13. f4 Ne4 14. Nd2 f5
15. Nxe4 fxe4 16. Qd2 Bb6 17. Nb3 Be6 18. Qc3 Rxf4 19. Qxc6 Bxe3+ 20. Rxe3 Rb8
21. Nd4 Rb6 22. Qa8+ Rf8 23. Qxa7 Qf7 24. Re2 Bg4 25. e6 Qf6 26. e7 Qxd4+ 27.
Kh1 Re8 28. c3 Qe5 29. Rf2 Qxe7 30. Raf1 e3 31. Rf7 e2 32. Rxe7 exf1=Q# 0-1

[Event "Werner-Ott-Open Kreuzberger Sommer 2017"]
[Site "Berlin"]
[Date "2017.07.19"]
[Round "5.15"]
[White "Kirchhof, Arno"]
[Black "Krieger, Fabian"]
[Result "1-0"]
[WhiteElo "1984"]
[BlackElo "1807"]
[PlyCount "53"]
[EventDate "2017.07.15"]
[EventType "swiss"]
[EventRounds "9"]
[EventCountry "GER"]
[SourceTitle "WOOKS 2017"]
[Source "SC Kreuzberg"]
[SourceDate "2017.07.19"]
[SourceVersion "1"]
[SourceVersionDate "2017.07.19"]
[SourceQuality "1"]
[WhiteTeam "SC Zugzwang 95"]
[BlackTeam "SV Mattnetz Berlin"]

1. d4 Nf6 2. Nf3 g6 3. c4 Bg7 4. Nc3 O-O 5. g3 d6 6. Bg2 Nc6 7. O-O a6 8. d5
Na5 9. Nd2 c5 10. Rb1 Rb8 11. b3 b5 12. Bb2 bxc4 13. bxc4 e6 14. Qc2 exd5 15.
Nxd5 Rxb2 16. Rxb2 Nxd5 17. Bxd5 Bxb2 18. Qxb2 Qe7 19. Ne4 Qe5 20. Qxe5 dxe5
21. Nxc5 Bh3 22. Rc1 Rb8 23. Nb3 Nxb3 24. Rb1 Kf8 25. Rxb3 Rxb3 26. axb3 a5 27.
f3 1-0

[Event "Werner-Ott-Open Kreuzberger Sommer 2017"]
[Site "Berlin"]
[Date "2017.07.19"]
[Round "5.16"]
[White "Grassi, Fabrizio"]
[Black "Wirth, Heinz"]
[Result "0-1"]
[WhiteElo "1783"]
[BlackElo "2024"]
[PlyCount "167"]
[EventDate "2017.07.15"]
[EventType "swiss"]
[EventRounds "9"]
[EventCountry "GER"]
[SourceTitle "WOOKS 2017"]
[Source "SC Kreuzberg"]
[SourceDate "2017.07.19"]
[SourceVersion "1"]
[SourceVersionDate "2017.07.19"]
[SourceQuality "1"]
[WhiteTeam "SV Berlin-Friedrichstadt"]
[BlackTeam "SC Weisse Dame"]

1. d4 Nf6 2. Bf4 g6 3. Nf3 Bg7 4. e3 O-O 5. Be2 d6 6. O-O Nfd7 7. c4 e5 8. dxe5
dxe5 9. Bg5 f6 10. Bh4 Qe7 11. Nc3 c6 12. Ne4 Na6 13. a3 Ndc5 14. Qd6 Qxd6 15.
Nxd6 g5 16. Bg3 Rd8 17. Nxc8 Raxc8 18. b4 Ne4 19. c5 Nc7 20. Rad1 Nd5 21. Bc4
Kf8 22. Bxd5 cxd5 23. Rc1 Ke7 24. Rfd1 Ke6 25. Nd2 f5 26. f3 Nxg3 27. hxg3 Bf8
28. Kf2 Rd7 29. Nb3 Rdc7 30. f4 b6 31. cxb6 axb6 32. Ke2 Rc2+ 33. Rxc2 Rxc2+
34. Rd2 Rc4 35. Rd3 Bd6 36. fxe5 Bxe5 37. Nd4+ Bxd4 38. exd4 f4 39. Kf3 fxg3
40. Kxg3 Kf5 41. Kf3 h5 42. g3 b5 43. Ke3 Kg4 44. Kf2 Rc2+ 45. Kg1 Kh3 46. Kf1
g4 47. Ke1 h4 48. gxh4+ Kxh4 49. Re3 Rc4 50. Rd3 g3 51. Kf1 Kh3 52. Rd1 Rc3 53.
Ra1 Rb3 54. Kg1 Rb2 55. Kh1 Rg2 56. a4 bxa4 57. Rxa4 Rb2 58. Ra1 Rxb4 59. Rd1
Rc4 60. Kg1 Rc2 61. Kh1 Rc3 62. Kg1 Kg4 63. Kg2 Kf4 64. Rf1+ Ke4 65. Rd1 Ke3
66. Kf1 Rd3 67. Ra1 Kf3 68. Kg1 Rxd4 69. Ra3+ Kg4 70. Kg2 Rd2+ 71. Kf1 Kh3 72.
Ra1 Kh2 73. Ke1 Rf2 74. Ra7 Rf5 75. Rh7+ Kg2 76. Rh8 Kg1 77. Rg8 g2 78. Rh8
Re5+ 79. Kd2 Kf2 80. Rf8+ Kg3 81. Rg8+ Kf3 82. Kd3 Re4 83. Kd2 Rg4 84. Rf8+ 0-1

[Event "Werner-Ott-Open Kreuzberger Sommer 2017"]
[Site "Berlin"]
[Date "2017.07.19"]
[Round "5.17"]
[White "Albrecht, Rainer"]
[Black "Racik, Marek"]
[Result "1-0"]
[WhiteElo "1973"]
[BlackElo "1747"]
[PlyCount "64"]
[EventDate "2017.07.15"]
[EventType "swiss"]
[EventRounds "9"]
[EventCountry "GER"]
[SourceTitle "WOOKS 2017"]
[Source "SC Kreuzberg"]
[SourceDate "2017.07.19"]
[SourceVersion "1"]
[SourceVersionDate "2017.07.19"]
[SourceQuality "1"]
[WhiteTeam "SC Kreuzberg"]
[BlackTeam "SV Berolina Mitte"]

1. d4 Nf6 2. Bf4 e6 3. e3 c5 4. c3 Nc6 5. Nd2 d5 6. Ngf3 Bd6 7. Bg3 O-O 8. Bd3
Re8 9. Ne5 cxd4 10. exd4 Qb6 11. Nec4 dxc4 12. Nxc4 Qd8 13. Nxd6 Re7 14. Nxc8
Rxc8 15. O-O Na5 16. Qe2 a6 17. Rfe1 Rd7 18. Rad1 Rd5 19. Qf3 Nc4 20. Re2 Nh5
21. Be4 Nxg3 22. hxg3 Ne5 23. Bxh7+ Kxh7 24. Rxe5 Qd7 25. Rxd5 exd5 26. Re1 f6
27. Re3 Kg8 28. Qh5 Kf8 29. g4 Rc6 30. g5 fxg5 31. Qxg5 Rf6 32. Re5 Qa4 {
Zeitüberschreitung} 1-0

[Event "Werner-Ott-Open Kreuzberger Sommer 2017"]
[Site "Berlin"]
[Date "2017.07.19"]
[Round "5.18"]
[White "Pubantz, Jan"]
[Black "Kievelitz, Bernd"]
[Result "1/2-1/2"]
[WhiteElo "1981"]
[BlackElo "1871"]
[PlyCount "55"]
[EventDate "2017.07.15"]
[EventType "swiss"]
[EventRounds "9"]
[EventCountry "GER"]
[SourceTitle "WOOKS 2017"]
[Source "SC Kreuzberg"]
[SourceDate "2017.07.19"]
[SourceVersion "1"]
[SourceVersionDate "2017.07.19"]
[SourceQuality "1"]
[WhiteTeam "SK Ricklingen"]
[BlackTeam "SC Zitadelle Spandau"]

1. d4 Nf6 2. c4 e6 3. g3 Bb4+ 4. Bd2 Qe7 5. Nf3 O-O 6. Bg2 Bxd2+ 7. Nbxd2 d6 8.
O-O e5 9. e3 c6 10. c5 exd4 11. cxd6 Qxd6 12. Nxd4 Be6 13. Nxe6 Qxe6 14. Qc2
Nbd7 15. Rfd1 Rfd8 16. Nb3 Nf8 17. Na5 Qe7 18. Qb3 Qc7 19. Qc3 Ne6 20. b4 Rac8
21. Rac1 h6 22. Nb3 Rxd1+ 23. Rxd1 Rd8 24. Rc1 Qe7 25. Qc4 Nd5 26. a3 Nb6 27.
Qc2 Rd7 28. Na5 1/2-1/2

[Event "Werner-Ott-Open Kreuzberger Sommer 2017"]
[Site "Berlin"]
[Date "2017.07.19"]
[Round "5.19"]
[White "Schneider, Eckehard"]
[Black "Pueschel, Werner"]
[Result "0-1"]
[WhiteElo "1588"]
[BlackElo "1971"]
[PlyCount "67"]
[EventDate "2017.07.15"]
[EventType "swiss"]
[EventRounds "9"]
[EventCountry "GER"]
[SourceTitle "WOOKS 2017"]
[Source "SC Kreuzberg"]
[SourceDate "2017.07.19"]
[SourceVersion "1"]
[SourceVersionDate "2017.07.19"]
[SourceQuality "1"]
[WhiteTeam "SF Berlin 1903"]
[BlackTeam "SV Lasker Steglitz-Wilmersdorf"]

1. e4 d5 2. exd5 Qxd5 3. Nc3 Qd6 4. d4 Nf6 5. Nf3 a6 6. h3 Bf5 7. Bd3 Bxd3 8.
Qxd3 Nc6 9. Be3 Nb4 10. Qd2 Nbd5 11. O-O Nxc3 12. Qxc3 Nd5 13. Qd2 e6 14. Ne5
Be7 15. c4 Nxe3 16. Qxe3 Rd8 17. Rad1 Bf6 18. Rfe1 O-O 19. Qe4 c6 20. b3 Bxe5
21. Qxe5 Rd7 22. Rd3 Qxe5 23. Rxe5 Rfd8 24. Re4 Kf8 25. Kf1 c5 26. f4 Rxd4 27.
Rexd4 Rxd4 28. Rxd4 cxd4 29. Ke2 f6 30. Kd3 e5 31. fxe5 fxe5 32. b4 Ke7 33. a4
a5 34. bxa5 0-1

[Event "Werner-Ott-Open Kreuzberger Sommer 2017"]
[Site "Berlin"]
[Date "2017.07.19"]
[Round "5.20"]
[White "Nitsche-Hahn, Raphael"]
[Black "Eilenberg, Jonas"]
[Result "1-0"]
[WhiteElo "2099"]
[BlackElo "1780"]
[PlyCount "97"]
[EventDate "2017.07.15"]
[EventType "swiss"]
[EventRounds "9"]
[EventCountry "GER"]
[SourceTitle "WOOKS 2017"]
[Source "SC Kreuzberg"]
[SourceDate "2017.07.19"]
[SourceVersion "1"]
[SourceVersionDate "2017.07.19"]
[SourceQuality "1"]
[WhiteTeam "SV Empor Berlin"]
[BlackTeam "SV Koenigsjaeger Suedwest"]

1. d4 d5 2. Bf4 c6 3. e3 Bf5 4. c4 e6 5. Nc3 Nf6 6. Qb3 Qb6 7. c5 Qxb3 8. axb3
Nh5 9. Bxb8 Rxb8 10. Rxa7 b6 11. b4 bxc5 12. bxc5 Rxb2 13. Rc7 Be7 14. Rxc6 Bd8
15. Ra6 O-O 16. g4 Bxg4 17. Be2 Nf6 18. Bxg4 Nxg4 19. Nge2 Bh4 20. O-O h6 21.
h3 Nf6 22. Rb6 Rxb6 23. cxb6 Rb8 24. Rb1 Nd7 25. Na4 Bd8 26. b7 Be7 27. Rb5 Kf8
28. Nc5 Bxc5 {(=)} 29. dxc5 Nxc5 30. Rxc5 Rxb7 31. Kg2 Ke7 32. Ra5 g6 33. Nd4
Kd6 34. Ra6+ Kd7 35. Kf3 Ke8 36. Kf4 Rb2 37. f3 Rh2 38. Ke5 Rxh3 39. Ra8+ Kd7
40. Ra7+ Ke8 41. Kf6 h5 42. Rxf7 h4 43. Kxe6 Rh1 44. Rh7 Kf8 45. Kf6 Kg8 46.
Rg7+ Kh8 47. Rxg6 h3 48. Rh6+ Kg8 49. Nf5 1-0